000 00311nam a22001457a 4500
008 210311b ||||| |||| 00| 0 eng d
020 _a9780830414703
041 _aeng
080 _a159.9
082 _a159.9
100 _a48
101 _aPSI
245 _aSocial Psychology
_cWorchel,S
942 _2udc
_cBK
999 _c56301
_d56301